000 00546nam a2200169Ia 4500
001 25027
005 20260414151122.0
008 260414t2014||||xx |||||||||||||| ||spa||
041 _aESP
082 _a346.1
_bS25
100 _aSantillán Santa Cruz, Romina Viviana
_eAUT
245 0 _aLa situación jurídica del concebido en el derecho civil peruano :
_binterpretación de la regulación vigente desde una perspectiva histórico-legislativa y teleológica
260 _c2014
650 _aDER
654 _aCDE
942 _cLIB
_dJUS
_fJUS
_2ddc
_n
999 _c25027
_d25027